Logos qui font la Suisse - Statistiques

Statistiques générales
  • Ce quiz a été pris 497 fois
  • Le résultat moyen est 14 sur 18
Statistiques - réponses
Par images Hint Réponse % Correct
Alimentaire Nestlé
98%
Luxe Rolex
98%
Alimentaire Toblerone
94%
Alimentaire Ricola
93%
Alimentaire Ovomaltine
88%
Distribution Migros
85%
Services La Poste
80%
Banques UBS
80%
Services CFF
79%
Services RTS
79%
Assurances Zurich Assurances
75%
Services Swisscom
73%
Alimentaire Zweifel
70%
Services Le Matin
64%
Alimentaire Sinalco
62%
Sport Roger Federer
59%
Distribution Manor
57%
Banques Crédit Suisse
49%
Aucun quiz correspondant
Distribution des résultats
% des personnes avec chaque résultat
Percentile par nombre de réponses
Votre historique - résultats
Vous n’avez pas pris ce quiz